Las guerras con las tribus Yaqui y Mayo / (Record no. 146761)
[ view plain ]
| 000 -LEADER | |
|---|---|
| campo de control de longitud fija | 00589nam a2200181 i 4500 |
| 001 - NÚMERO DE CONTROL | |
| campo de control | 146761 |
| 003 - IDENTIFICADOR DE NÚMERO DE CONTROL | |
| campo de control | ES-MaACL |
| 005 - FECHA Y HORA DE LA ÚLTIMA TRANSACCIÓN | |
| campo de control | 20230906201649.0 |
| 007 - CAMPO FIJO DE DESCRIPCIÓN FÍSICA--INFORMACIÓN GENERAL | |
| campo de control de longitud fija | t| |
| 008 - DATOS DE LONGITUD FIJA--INFORMACIÓN GENERAL | |
| campo de control de longitud fija | 070917s1977 mx bh |||| | spa d |
| 100 1# - ENTRADA PRINCIPAL--NOMBRE DE PERSONA | |
| Nombre de persona | Troncoso, Francisco P. |
| 9 (RLIN) | 111498 |
| 245 14 - MENCIÓN DEL TÍTULO | |
| Título | Las guerras con las tribus Yaqui y Mayo / |
| Mención de responsabilidad, etc. | Francisco P. Troncoso. |
| 260 ## - PUBLICACIÓN, DISTRIBUCIÓN, ETC. | |
| Lugar de publicación, distribución, etc. | [México, D.F.] : |
| Nombre del editor, distribuidor, etc. | Instituto Nacional Indigenista, |
| Fecha de publicación, distribución, etc. | [1977] |
| 300 ## - DESCRIPCIÓN FÍSICA | |
| Extensión | XV, 342 p., I-IX p., 1 map. pleg. ; |
| Dimensiones | 22 cm. |
| 595 ## - | |
| -- | Ed. facsímil. |
| 710 2# - ENTRADA AGREGADA--NOMBRE DE ENTIDAD CORPORATIVA | |
| Nombre de entidad corporativa o nombre de jurisdicción como elemento de entrada | Instituto Nacional Indigenista (México) |
| 9 (RLIN) | 5196 |
| 852 ## - LOCALIZACIÓN | |
| Ubicación | ES-MaACL |
| Número de control de estantería | A-9809 |
| Estatus retirado | Estado de pérdida | Estado de daño | No para préstamo | Biblioteca de origen | Biblioteca actual | Ubicación en estantería | Fecha de adquisición | Fuente de adquisición | Total de préstamos | Signatura topográfica completa | Código de barras | Visto por última vez | Precio de reemplazo | Tipo de ítem Koha |
|---|---|---|---|---|---|---|---|---|---|---|---|---|---|---|
| Biblioteca del Ateneo de Madrid | Biblioteca del Ateneo de Madrid | Depósito 1 | 17/01/2008 | A-9809 | 1153170 | 23/02/2023 | 23/02/2023 | Libro impreso |
